| 000 | 00366 a2200145 4500 | ||
|---|---|---|---|
| 001 | 64072 | ||
| 040 | _cAnchieta - Pituba | ||
| 100 | _aPonce, Anibal | ||
| 240 | 1 | 0 |
_aEducação e luta de classes _lpor |
| 245 | 1 | 0 | _aEducação e luta de classes |
| 300 | _a195 | ||
| 362 | 0 | _a1985 | |
| 650 | 4 | _aTratamento histórico e geográfico / EducaçãoHistória | |
| 942 | _cBK | ||
| 999 |
_c64072 _d64072 |
||